Państwa które wygrały Euro - Nagła Śmierć - Statystyki

Ogólne statystyki
  • Ten quiz został rozwiązany 136 razy
  • Średni wynik to 5 z 9
Answers on the Grid
Answers color-coded by a green-red scale on the quiz's grid according to % correct below.
Rumunia
Belgia
Holandia
ZSRR (Rosja)
Jugosławia
Turcja
Grecja
Anglia
Hiszpania
Niemcy
Szkocja
Szwecja
Portugalia
Austria
Polska
Włochy
Norwegia
Szwajcaria
Dania
Czechosłowacja
 
Statystyki odpowiedzi
Odpowiedź % Poprawnych
Niemcy
73%
Hiszpania
70%
Portugalia
70%
Grecja
68%
Włochy
64%
ZSRR (Rosja)
61%
Holandia
48%
Dania
45%
Czechosłowacja
38%
Nie znaleziono quizów pasujących do podanych kryteriów
Rozkład punktacji
Procent ludzi z każdym wynikiem
Percentyl według liczby udzielonych odpowiedzi
Twoja historia wyników
Nie rozwiązałeś tego quizu